000 00951cab a2200241 4500
001 ABS53315
008 090401t1995 xxu||||| |||| 00| 0 eng d
035 _a(Sirsi) u3488
041 _aeng
100 _aHayes, J.
245 _aForgery and property: effects and remedies
260 _c1995
350 _a0
490 _aSolicitors` Journal
_v139(28) 21 July 1995, 716-717(2)
520 _aExplains what happens if a joint owner fraudulently conveys property. Discusses "Penn v Bristol and West Building Society", where a joint owner was involved in mortgage fraud; the solicitors were found to be liable to the building society and the defrauded joint owner for not checking that both joint owners were willing sellers.
650 _aCONVEYANCING
650 _aJOINT OWNERS
650 _aMORTGAGE FRAUD
650 _aPENN V BRISTOL AND WEST BUILDING SOCIETY
690 _aPROPERTY LAW AND PRACTICE
942 _n0
948 _c04/03/1997
999 _c2145
_d2145